Impact of technological change on the demand for child labour in brassware industry in Moradabad (Record no. 694650)

MARC details
000 -LEADER
fixed length control field 00737nam a2200229Ia 4500
003 - CONTROL NUMBER IDENTIFIER
control field OSt
005 - DATE AND TIME OF LATEST TRANSACTION
control field 20220927105758.0
008 - FIXED-LENGTH DATA ELEMENTS--GENERAL INFORMATION
fixed length control field 220926b |||||||| |||| 00| 0 eng d
037 ## - SOURCE OF ACQUISITION
Terms of availability Reference Collections
040 ## - CATALOGING SOURCE
Original cataloging agency RTL
Transcribing agency RTL
Language of cataloging eng
041 ## - LANGUAGE CODE
Source of code eng
Language code of text/sound track or separate title eng
100 ## - MAIN ENTRY--PERSONAL NAME
Personal name SEKAR Helen R
9 (RLIN) 375017
245 #0 - TITLE STATEMENT
Title Impact of technological change on the demand for child labour in brassware industry in Moradabad
260 ## - PUBLICATION, DISTRIBUTION, ETC.
Place of publication, distribution, etc. "NOIDA,"
Name of publisher, distributor, etc. "V.V. Giri National Labour Institute, "
Date of publication, distribution, etc. 2007
300 ## - PHYSICAL DESCRIPTION
Extent 196p
Dimensions cm.
942 ## - ADDED ENTRY ELEMENTS (KOHA)
Classification part "X9(M4):9B.252WD, P7/GD"
Koha item type
Holdings
Withdrawn status Lost status Damaged status Not for loan Home library Current library Date acquired Total Checkouts Full call number Barcode Date last seen Price effective from Koha item type
        Ratan Tata Library Ratan Tata Library 2022-09-27   "X9(M4):9B.252WD P7/GD" RT1493210 2022-09-27 2022-09-27  
Copyright @ Delhi University Library System